El renacimiento / (Record no. 72646)

MARC details
000 -LEADER
campo de control de longitud fija 00722nam a2200217 i 4500
001 - NÚMERO DE CONTROL
campo de control 72646
003 - IDENTIFICADOR DE NÚMERO DE CONTROL
campo de control ES-MaACL
005 - FECHA Y HORA DE LA ÚLTIMA TRANSACCIÓN
campo de control 20240625125656.0
007 - CAMPO FIJO DE DESCRIPCIÓN FÍSICA--INFORMACIÓN GENERAL
campo de control de longitud fija t|
008 - DATOS DE LONGITUD FIJA--INFORMACIÓN GENERAL
campo de control de longitud fija 040902s1945 ag ||||1| spa d
100 1# - ENTRADA PRINCIPAL--NOMBRE DE PERSONA
Nombre de persona Gobineau, Arthur
Títulos y otros términos asociados al nombre comte de.
9 (RLIN) 147893
245 13 - MENCIÓN DEL TÍTULO
Título El renacimiento /
Mención de responsabilidad, etc. Conde de Gobineau ; con treinta y cinco dibujos de Luis Seoane ; [traducción por Roger Plá].
260 ## - PUBLICACIÓN, DISTRIBUCIÓN, ETC.
Lugar de publicación, distribución, etc. Buenos Aires :
Nombre del editor, distribuidor, etc. Poseidón,
Fecha de publicación, distribución, etc. [1945] (
Fabricante Sebastián de Amorrortu)
300 ## - DESCRIPCIÓN FÍSICA
Extensión 514 p., 35 lám. ;
Dimensiones 23 cm.
490 1# - MENCIÓN DE SERIE
Mención de serie Laberinto
700 1# - ENTRADA AGREGADA--NOMBRE PERSONAL
Nombre de persona Seoane, Luis,
Fechas asociadas al nombre 1910-1979
9 (RLIN) 155119
700 1# - ENTRADA AGREGADA--NOMBRE PERSONAL
Nombre de persona Pla, Roger.
9 (RLIN) 92480
830 0# - PUNTO DE ACCESO ADICIONAL DE SERIE-TÍTULO UNIFORME
Título uniforme Laberinto
9 (RLIN) 189837
852 ## - LOCALIZACIÓN
Ubicación ES-MaACL
Número de control de estantería D-6761
Sublocalización o colección R.29623
Holdings
Estatus retirado Estado de pérdida Estado de daño No para préstamo Biblioteca de origen Biblioteca actual Ubicación en estantería Fecha de adquisición Fuente de adquisición Total de préstamos Signatura topográfica completa Código de barras Visto por última vez Precio de reemplazo Tipo de ítem Koha
        Biblioteca del Ateneo de Madrid Biblioteca del Ateneo de Madrid Sala Valle Inclán 17/01/2008     D-6761 901076049 23/02/2023 23/02/2023 Libro impreso